01256nam a2200337 a 4500001001100000003000800011006001900019007001500038008004100053015001500094016001900109020001500128020002100143040002100164035002100185050002800206082002100234100001900255245010300274260003200377300001600409504005100425533015200476650003900628651004300667655002900710700002200739710001700761856012500778999001500903ebr5002095CaPaEBRm u cr cn|||||||||011022s2000 enk sb 001 0 eng  aGBA1-154717 a04151849242Uk z0415184924 z0415184932(pbk.) aCaPaEBRcCaPaEBR a(OCoLC)55928008514aHQ1236.5.F8bA45 2000eb04a306.208209442211 aAllwood, Gill.10aWomen and politics in France 1958-2000h[electronic resource] /cGill Allwood and Khursheed Wadia. aLondon :bRoutledge,c2000. axiv, 270 p. aIncludes bibliographical references and index. aElectronic reproduction.bPalo Alto, Calif. :cebrary,d2013.nAvailable via World Wide Web.nAccess may be limited to ebrary affiliated libraries. 0aWomenxPolitical activityzFrance. 0aFrancexPolitics and governmenty1958- 7aElectronic books.2local1 aWadia, Khursheed.2 aebrary, Inc.40uhttp://site.ebrary.com/lib/rucke/Doc?id=5002095zAn electronic book accessible through the World Wide Web; click to view c1360d1360